000 00335nam a2200133Ia 4500
008 190216s9999||||xx |||||||||||||| ||und||
100 _aSaran Sharma And Trivedi
245 0 _aSpecial Functions-Special Functions
250 _a1st Ed.
260 _bPragathi Prakashan
_c1982
300 _a440
650 _aMathematics
942 _cBK
999 _c31707
_d31707